Statistics for Graduate Schools/ Law Schools/ Medical Schools of 2016 Presidential Candidates

Click here to take the quiz!

General Stats

  • This quiz has been taken 143 times
  • The average score is 7 of 13

Answer Stats

CandidateGrad SchoolHigher Degree Earned% Correct
Ted CruzHarvard Law SchoolJ.D.
99%
Hillary ClintonYale Law SchoolJ.D.
99%
George PatakiColumbia Law SchoolJ.D.
81%
Carly FiorinaUCLA School of Law (dropped out after a semester): Robert H. Smith School of Business at the University of Maryland, College Park: MIT Sloan School of ManagementM.B.A. and M.S. in Management
73%
Lindsey GrahamUniversity of South Carolina School of LawJ.D.
64%
Rand PaulDuke University School of MedicineM.D.
53%
Ben CarsonUniversity of Michigan Medical SchoolM.D.
48%
Marco RubioUniversity of Miami School of LawJ.D.
47%
Martin O'MalleyUniversity of Maryland School of LawJ.D.
42%
Rick SantorumUniversity of Pittsburgh's Joseph M. Katz Graduate School of Business/ Dickinson School of LawM.B.A. and J.D.
21%
Bobby JindalUniversity of Oxford (Rhodes Scholar)M. Litt. in Political Science with an emphasis in health policy
17%
Chris ChristieSeton Hall University School of LawJ.D.
15%
Mike HuckabeeSouthwestern Theological Seminary (Fort Worth, TX)Dropped out after one year
5%

Score Distribution

Percentile by Number Answered

Percent of People with Each Score

Your Score History

You have not taken this quiz